000 00583cam a2200229 4500
008 090401t1968 xxu||||| |||| 00| 0 eng d
020 _a0435322834
035 _a(Sirsi) u2841
041 _aeng
050 _a630.09
_c18
100 _aErnle, Rowland Edmund Prothero
_cBaron
245 _aEnglish farming past and present
250 _a6th
260 _aLondon
_bHeinemann Educational Books
_c1968
300 _a559p. 22cm
350 _a3.15
700 _aFussell, G. E.
700 _aMcGregor, O. R.
700 _aHall
_eSir, Daniel
942 _n0
948 _c04/03/1997
999 _c85818
_d85818